| 000 | 00443nam a2200157 a 4500 | ||
|---|---|---|---|
| 001 | 000037664 | ||
| 005 | 20230526131558.0 | ||
| 008 | 121024s2009 dr 000 0 spa d | ||
| 020 | _a9789945460285 | ||
| 040 |
_aDO-SdBNP _bspa _cBNPHU |
||
| 082 |
_axxxx _bR741c |
||
| 100 | 1 |
_aRojas, Fernando de, _d1470-1541 _939878 |
|
| 245 | 1 | 3 |
_aLa celestina / _cFernando de Rojas. |
| 260 |
_aSanto Domingo : _bSantuario, _c2009. |
||
| 300 |
_a236 p. ; _c21 cm. |
||
| 999 |
_c37154 _d37154 |
||